[Event "Bundesliga 0001"]
[Site "Deutschland"]
[Date "2000.10.15"]
[Round "2.3"]
[White "Kengis, Edvins"]
[Black "Buhmann, Rainer"]
[Result "1/2-1/2"]
[WhiteElo "2589"]
[BlackElo "2416"]
[PlyCount "76"]
[EventDate "2000.10.14"]
[EventType "team"]
[EventRounds "15"]
[EventCountry "GER"]
[SourceTitle "Bundesliga 0001"]
[Source "DeepChess"]
[SourceDate "2005.01.01"]
[SourceVersion "1"]
[SourceVersionDate "2005.01.01"]
[SourceQuality "1"]
[WhiteTeam "Godesberger SK 1929"]
[BlackTeam "SF 1982 Baiertal Schatthausen"]
[WhiteTeamCountry "GER"]
[BlackTeamCountry "GER"]

1. Nf3 c5 2. c4 g6 3. d4 cxd4 4. Nxd4 Bg7 5. e4 Nc6 6. Be3 Nf6 7. Nc3 O-O 8.
Be2 d6 9. O-O Bd7 10. Qd2 Nxd4 11. Bxd4 Bc6 12. f3 a5 13. b3 Nd7 14. Bf2 Nc5
15. Rab1 f5 16. exf5 Rxf5 17. Nd5 Bxd5 18. cxd5 Qf8 19. Bb5 Kh8 20. Rfe1 Re5
21. Bd4 Rxe1+ 22. Rxe1 Kg8 23. Bxg7 Qxg7 24. Qe3 Kf8 25. g4 Rc8 26. g5 Qf7 27.
a3 Qg7 28. b4 axb4 29. axb4 Na6 30. Bd7 Rc4 31. Kg2 Qe5 32. Qxe5 dxe5 33. Rxe5
Nxb4 34. Kg3 Rd4 35. Be6 Nd3 36. Re2 Nf4 37. Rb2 Nxe6 38. dxe6 Rd6 1/2-1/2

[Event "Bundesliga 0001"]
[Site "Deutschland"]
[Date "2000.10.15"]
[Round "2.4"]
[White "Duppel, Matthias"]
[Black "Kveinys, Aloyzas"]
[Result "1/2-1/2"]
[WhiteElo "2376"]
[BlackElo "2522"]
[PlyCount "86"]
[EventDate "2000.10.14"]
[EventType "team"]
[EventRounds "15"]
[EventCountry "GER"]
[SourceTitle "Bundesliga 0001"]
[Source "DeepChess"]
[SourceDate "2005.01.01"]
[SourceVersion "1"]
[SourceVersionDate "2005.01.01"]
[SourceQuality "1"]
[WhiteTeam "SF 1982 Baiertal Schatthausen"]
[BlackTeam "Godesberger SK 1929"]
[WhiteTeamCountry "GER"]
[BlackTeamCountry "GER"]

1. e4 c5 2. Nf3 e6 3. c4 Nc6 4. Nc3 a6 5. g3 Nf6 6. Bg2 Qc7 7. O-O Be7 8. b3
O-O 9. Re1 d6 10. d4 cxd4 11. Nxd4 Nxd4 12. Qxd4 Bd7 13. a4 Ng4 14. h3 Bf6 15.
Qd2 Ne5 16. Bb2 Qb6 17. Re3 Nc6 18. Ne2 Bxb2 19. Qxb2 e5 20. Qd2 Rfd8 21. a5
Qb4 22. Rd3 Be6 23. f4 f6 24. Kh2 Qxd2 25. Rxd2 Kf8 26. Bf3 Ke7 27. Bg4 Bf7 28.
Kg2 Rab8 29. Kf2 b6 30. axb6 Rxb6 31. Rd3 h5 32. Bf3 Rdb8 33. Ra3 a5 34. Nc3 h4
35. Bh1 hxg3+ 36. Kxg3 Be6 37. Nb5 exf4+ 38. Kxf4 Ne5 39. Rc3 g5+ 40. Kg3 Rc6
41. Kh2 Ra6 42. Nc7 Ra7 43. Nb5 Ra6 1/2-1/2

[Event "Bundesliga 0001"]
[Site "Deutschland"]
[Date "2000.10.15"]
[Round "2.5"]
[White "Langheinrich, Ferenc"]
[Black "Meissner, Bernd Guenther"]
[Result "1/2-1/2"]
[WhiteElo "2384"]
[BlackElo "2372"]
[PlyCount "49"]
[EventDate "2000.10.14"]
[EventType "team"]
[EventRounds "15"]
[EventCountry "GER"]
[SourceTitle "Bundesliga 0001"]
[Source "DeepChess"]
[SourceDate "2005.01.01"]
[SourceVersion "1"]
[SourceVersionDate "2005.01.01"]
[SourceQuality "1"]
[WhiteTeam "Godesberger SK 1929"]
[BlackTeam "SF 1982 Baiertal Schatthausen"]
[WhiteTeamCountry "GER"]
[BlackTeamCountry "GER"]

1. e4 e5 2. Nf3 Nf6 3. Nc3 Nc6 4. g3 Bc5 5. Bg2 O-O 6. O-O Re8 7. d3 Nd4 8. Be3
c6 9. Bxd4 Bxd4 10. Nxd4 exd4 11. Ne2 Qb6 12. h3 d5 13. g4 dxe4 14. dxe4 Nxe4
15. Qxd4 Ng3 16. fxg3 Rxe2 17. Qxb6 axb6 18. Rae1 Rxe1 19. Rxe1 Be6 20. a3 Rd8
21. Kf2 Kf8 22. Be4 h6 23. Bd3 Rd5 24. Kf3 Rd4 25. Ke3 1/2-1/2

[Event "Bundesliga 0001"]
[Site "Deutschland"]
[Date "2000.10.15"]
[Round "2.6"]
[White "Koch, Wolfgang Max"]
[Black "Jackelen, Thomas"]
[Result "0-1"]
[WhiteElo "2335"]
[BlackElo "2373"]
[PlyCount "120"]
[EventDate "2000.10.14"]
[EventType "team"]
[EventRounds "15"]
[EventCountry "GER"]
[SourceTitle "Bundesliga 0001"]
[Source "DeepChess"]
[SourceDate "2005.01.01"]
[SourceVersion "1"]
[SourceVersionDate "2005.01.01"]
[SourceQuality "1"]
[WhiteTeam "SF 1982 Baiertal Schatthausen"]
[BlackTeam "Godesberger SK 1929"]
[WhiteTeamCountry "GER"]
[BlackTeamCountry "GER"]

1. d4 e6 2. c4 b6 3. Nf3 Bb7 4. g3 Bb4+ 5. Bd2 Bxf3 6. exf3 Bxd2+ 7. Qxd2 d5 8.
Nc3 Ne7 9. cxd5 exd5 10. Bg2 O-O 11. f4 Qd6 12. O-O c6 13. Qd3 Nd7 14. Rfe1
Rfd8 15. Rad1 Qf6 16. Bh3 g6 17. g4 Qd6 18. Qf3 b5 19. g5 Nb6 20. Ne2 Re8 21.
Ng3 c5 22. dxc5 Qxc5 23. Rc1 Qd6 24. Red1 Rad8 25. b3 Nc6 26. Rd2 Qb4 27. Qd3
Rd6 28. Ne2 Qa3 29. Qb1 Nc4 30. bxc4 Qxh3 31. cxb5 Ne7 32. Qd3 Qh5 33. Nd4 Nf5
34. Nxf5 gxf5 35. Rdd1 Re4 36. Qg3 d4 37. Rd3 Rde6 38. Kg2 h6 39. h4 Kh7 40.
Rcd1 Qe2 41. Rxd4 Re3 42. Qh2 Qg4+ 43. Kf1 Rh3 44. Qg2 Qe2+ 45. Kg1 Rxh4 46. f3
Qe3+ 47. Kf1 hxg5 48. Rd7 g4 49. Rxf7+ Kg6 50. Rfd7 Rh3 51. R7d3 Qxf4 52. R1d2
Qe5 53. Rd1 Qxb5 54. Kg1 Qc5+ 55. Kf1 Qb5 56. Kg1 Re1+ 57. Rxe1 Qxd3 58. Rf1
Qe3+ 59. Qf2 Rxf3 60. Qxe3 Rxe3 0-1

[Event "Bundesliga 0001"]
[Site "Deutschland"]
[Date "2000.10.15"]
[Round "2.7"]
[White "Seger, Ruediger"]
[Black "Balzar, Andreas"]
[Result "1-0"]
[WhiteElo "2399"]
[BlackElo "2346"]
[PlyCount "75"]
[EventDate "2000.10.14"]
[EventType "team"]
[EventRounds "15"]
[EventCountry "GER"]
[SourceTitle "Bundesliga 0001"]
[Source "DeepChess"]
[SourceDate "2005.01.01"]
[SourceVersion "1"]
[SourceVersionDate "2005.01.01"]
[SourceQuality "1"]
[WhiteTeam "Godesberger SK 1929"]
[BlackTeam "SF 1982 Baiertal Schatthausen"]
[WhiteTeamCountry "GER"]
[BlackTeamCountry "GER"]

1. e4 c5 2. c3 Nf6 3. e5 Nd5 4. d4 cxd4 5. Nf3 e6 6. cxd4 b6 7. Nc3 Nxc3 8.
bxc3 Qc7 9. Bd2 Bb7 10. Bd3 d6 11. O-O Nd7 12. Ng5 dxe5 13. Qh5 g6 14. Qh3 Be7
15. Rae1 Bd5 16. c4 Bc6 17. f4 Bxg5 18. fxg5 O-O 19. dxe5 Nc5 20. Bb1 Rfd8 21.
Bc3 Qe7 22. Qe3 Rd7 23. Rd1 Rad8 24. Rd6 Bb7 25. Qf4 Qf8 26. Rfd1 Bc6 27. R1d2
Ba4 28. Qf6 Rc8 29. Bb4 Rdc7 30. Bc2 Be8 31. Rd8 Qg7 32. Bxc5 bxc5 33. Ba4 Qxf6
34. gxf6 Kf8 35. Kf2 h6 36. Ke3 a5 37. R2d6 h5 38. Kf4 $138 1-0

[Event "Bundesliga 0001"]
[Site "Deutschland"]
[Date "2000.10.15"]
[Round "2.1"]
[White "Ftacnik, Lubomir"]
[Black "Movsesian, Sergei"]
[Result "1/2-1/2"]
[WhiteElo "2608"]
[BlackElo "2666"]
[PlyCount "49"]
[EventDate "2000.10.14"]
[EventType "team"]
[EventRounds "15"]
[EventCountry "GER"]
[SourceTitle "Bundesliga 0001"]
[Source "DeepChess"]
[SourceDate "2005.01.01"]
[SourceVersion "1"]
[SourceVersionDate "2005.01.01"]
[SourceQuality "1"]
[WhiteTeam "Hamburger SK 1830 e.V."]
[BlackTeam "SF Neukoelln 03 e.V."]
[WhiteTeamCountry "GER"]
[BlackTeamCountry "GER"]

1. d4 Nf6 2. Nf3 c6 3. c4 d5 4. Nc3 a6 5. cxd5 cxd5 6. Bg5 e6 7. e3 Be7 8. Bd3
O-O 9. Ne5 b5 10. O-O Bb7 11. Rc1 Nbd7 12. f4 Nb6 13. Qf3 b4 14. Bxf6 Bxf6 15.
Ne2 g6 16. Nc6 Bxc6 17. Rxc6 a5 18. Rfc1 Rc8 19. Qf1 Rxc6 20. Rxc6 Qb8 21. Qc1
Rc8 22. Ba6 Rxc6 23. Qxc6 Be7 24. Nc1 Qd6 25. Qc2 1/2-1/2

[Event "Bundesliga 0001"]
[Site "Deutschland"]
[Date "2000.10.15"]
[Round "2.3"]
[White "Kempinski, Robert"]
[Black "Atalik, Suat"]
[Result "1/2-1/2"]
[WhiteElo "2498"]
[BlackElo "2549"]
[PlyCount "34"]
[EventDate "2000.10.14"]
[EventType "team"]
[EventRounds "15"]
[EventCountry "GER"]
[SourceTitle "Bundesliga 0001"]
[Source "DeepChess"]
[SourceDate "2005.01.01"]
[SourceVersion "1"]
[SourceVersionDate "2005.01.01"]
[SourceQuality "1"]
[WhiteTeam "Hamburger SK 1830 e.V."]
[BlackTeam "SF Neukoelln 03 e.V."]
[WhiteTeamCountry "GER"]
[BlackTeamCountry "GER"]

1. d4 Nf6 2. c4 g6 3. Nf3 Bg7 4. Nc3 d5 5. Qb3 dxc4 6. Qxc4 O-O 7. e4 Na6 8.
Be3 c5 9. dxc5 Ng4 10. Bd2 Be6 11. Qb5 Bd7 12. Qxb7 Nxc5 13. Qb4 Qb6 14. Qxb6
axb6 15. Be2 Bc6 16. Ng5 Ne5 17. O-O h6 1/2-1/2

[Event "Bundesliga 0001"]
[Site "Deutschland"]
[Date "2000.10.15"]
[Round "2.4"]
[White "Bunzmann, Dimitrij"]
[Black "Hansen, Sune Berg"]
[Result "1/2-1/2"]
[WhiteElo "2484"]
[BlackElo "2545"]
[PlyCount "60"]
[EventDate "2000.10.14"]
[EventType "team"]
[EventRounds "15"]
[EventCountry "GER"]
[SourceTitle "Bundesliga 0001"]
[Source "DeepChess"]
[SourceDate "2005.01.01"]
[SourceVersion "1"]
[SourceVersionDate "2005.01.01"]
[SourceQuality "1"]
[WhiteTeam "SF Neukoelln 03 e.V."]
[BlackTeam "Hamburger SK 1830 e.V."]
[WhiteTeamCountry "GER"]
[BlackTeamCountry "GER"]

1. d4 Nf6 2. c4 e6 3. Nf3 b6 4. Nc3 Bb4 5. Bg5 Bb7 6. Qb3 c5 7. e3 O-O 8. a3
cxd4 9. axb4 dxc3 10. Qxc3 a5 11. b5 d5 12. cxd5 Bxd5 13. Ne5 h6 14. Bxf6 Qxf6
15. Bd3 Ra7 16. Rc1 Nd7 17. Nc6 Qxc3+ 18. Rxc3 Bxg2 19. Rg1 Bxc6 20. bxc6 Nc5
21. Bb5 Rd8 22. Rg4 Kf8 23. Ra3 Rc7 24. b4 axb4 25. Rxb4 Ke7 26. Ke2 f5 27. f3
e5 28. Rb1 g5 29. Rba1 e4 30. Ra7 exf3+ 1/2-1/2

[Event "Bundesliga 0001"]
[Site "Deutschland"]
[Date "2000.10.15"]
[Round "2.5"]
[White "Wahls, Matthias"]
[Black "Berndt, Stephan"]
[Result "1-0"]
[WhiteElo "2568"]
[BlackElo "2478"]
[PlyCount "149"]
[EventDate "2000.10.14"]
[EventType "team"]
[EventRounds "15"]
[EventCountry "GER"]
[SourceTitle "Bundesliga 0001"]
[Source "DeepChess"]
[SourceDate "2005.01.01"]
[SourceVersion "1"]
[SourceVersionDate "2005.01.01"]
[SourceQuality "1"]
[WhiteTeam "Hamburger SK 1830 e.V."]
[BlackTeam "SF Neukoelln 03 e.V."]
[WhiteTeamCountry "GER"]
[BlackTeamCountry "GER"]

1. c4 e5 2. Nc3 Nc6 3. g3 g6 4. Bg2 Bg7 5. d3 d6 6. e3 h5 7. h4 Nh6 8. Rb1 O-O
9. b4 Nf5 10. b5 Nce7 11. Nge2 c6 12. bxc6 bxc6 13. O-O Be6 14. Ba3 Qc7 15. Qa4
Rab8 16. Bb4 Qd7 17. Ne4 c5 18. Qxd7 Bxd7 19. Ba5 Ba4 20. Bc7 Rxb1 21. Rxb1 Bc2
22. Rb7 Bxd3 23. N2c3 Bxc4 24. Bxd6 Re8 25. Bxc5 a6 26. Nd2 Bd3 27. Rd7 Rc8 28.
Nb3 e4 29. Nxe4 Bb5 30. Rd2 Nc6 31. Bb6 Rb8 32. Bc7 Rc8 33. Bf4 Ne5 34. Nbc5
Nc4 35. Rd1 Bf8 36. Nf6+ Kg7 37. Nce4 Nb2 38. Rb1 Nd3 39. Bg5 Be7 40. Nd5 Bxg5
41. hxg5 Rc2 42. Bf1 Rxa2 43. Ndc3 Ra3 44. Nxb5 axb5 45. Rxb5 Ra1 46. Nf6 Ne1
47. Nxh5+ Kf8 48. Nf6 Nd6 49. Rd5 Ke7 50. Ng4 Nf5 51. e4 Nd4 52. Nh2 Ne6 53. f4
Nc2 54. Rd2 Rc1 55. Kf2 Nc5 56. Bg2 Nb3 57. Rd3 Ncd4 58. Nf3 Rc2+ 59. Kg1 Ne2+
60. Kh2 Nc5 61. Rd2 Rxd2 62. Nxd2 Ne6 63. Bh3 Nc5 64. Kg2 Nd4 65. Kf2 Nc2 66.
Bg4 Kf8 67. Bd1 Nb4 68. Ke3 Nc6 69. Bb3 Ke7 70. Bc4 Nb8 71. Nb3 Nxb3 72. Bxb3
Na6 73. Kd4 Nc7 74. Bc4 Ne8 75. e5 1-0

[Event "Bundesliga 0001"]
[Site "Deutschland"]
[Date "2000.10.15"]
[Round "2.6"]
[White "Borriss, Martin"]
[Black "Heinemann, Thies"]
[Result "1-0"]
[WhiteElo "2439"]
[BlackElo "2468"]
[PlyCount "73"]
[EventDate "2000.10.14"]
[EventType "team"]
[EventRounds "15"]
[EventCountry "GER"]
[SourceTitle "Bundesliga 0001"]
[Source "DeepChess"]
[SourceDate "2005.01.01"]
[SourceVersion "1"]
[SourceVersionDate "2005.01.01"]
[SourceQuality "1"]
[WhiteTeam "SF Neukoelln 03 e.V."]
[BlackTeam "Hamburger SK 1830 e.V."]
[WhiteTeamCountry "GER"]
[BlackTeamCountry "GER"]

1. e4 c5 2. Nf3 d6 3. d4 cxd4 4. Nxd4 Nf6 5. Nc3 a6 6. Be3 e5 7. Nb3 Be6 8. Qd2
Be7 9. f3 h5 10. Be2 Nbd7 11. O-O Qc7 12. f4 Bc4 13. Nc1 Bxe2 14. N1xe2 Qc6 15.
Rad1 Nc5 16. Bxc5 Qxc5+ 17. Kh1 Rc8 18. Nc1 Ng4 19. Rf3 exf4 20. Nd3 Qg5 21.
Rxf4 Bf6 22. e5 dxe5 23. Ne4 Qh6 24. Nd6+ Kf8 25. Rxf6 Qxf6 26. Nxc8 Kg8 27. h3
Qd8 28. Ne1 Qxc8 29. Qd8+ Kh7 30. Qxc8 Rxc8 31. hxg4 hxg4 32. Rd7 Kg6 33. Rxb7
Rd8 34. Kg1 g3 35. Rb3 f5 36. Rxg3+ Kf6 37. Rd3 1-0

[Event "Bundesliga 0001"]
[Site "Deutschland"]
[Date "2000.10.15"]
[Round "2.7"]
[White "Reeh, Oliver"]
[Black "Polzin, Rainer"]
[Result "0-1"]
[WhiteElo "2420"]
[BlackElo "2465"]
[PlyCount "148"]
[EventDate "2000.10.14"]
[EventType "team"]
[EventRounds "15"]
[EventCountry "GER"]
[SourceTitle "Bundesliga 0001"]
[Source "DeepChess"]
[SourceDate "2005.01.01"]
[SourceVersion "1"]
[SourceVersionDate "2005.01.01"]
[SourceQuality "1"]
[WhiteTeam "Hamburger SK 1830 e.V."]
[BlackTeam "SF Neukoelln 03 e.V."]
[WhiteTeamCountry "GER"]
[BlackTeamCountry "GER"]

1. e4 g6 2. d4 Bg7 3. c4 d6 4. Nc3 Nf6 5. f3 O-O 6. Be3 b6 7. Nge2 c5 8. d5 e6
9. Ng3 exd5 10. cxd5 Nbd7 11. Be2 a6 12. a4 h5 13. O-O Ne5 14. Nh1 Nh7 15. f4
Ng4 16. Bxg4 Bxg4 17. Qd2 Bd7 18. Nf2 f5 19. e5 dxe5 20. fxe5 Bxe5 21. Nd3 Bd6
22. a5 Nf6 23. axb6 Ng4 24. Bf4 Qxb6 25. Bxd6 Qxd6 26. Qf4 Qb6 27. Qc4 Bb5 28.
Nxb5 axb5 29. Qxc5 Qxc5+ 30. Nxc5 Ne3 31. Rxa8 Rxa8 32. Re1 Nxd5 33. Re6 Nf4
34. Rd6 Ra1+ 35. Kf2 Rc1 36. g3 Rxc5 37. gxf4 Rc2+ 38. Kg3 Kg7 39. h3 Rxb2 40.
Kh4 b4 41. Rb6 Kh6 42. Kg3 Rb3+ 43. Kh4 Rb1 44. Kg3 b3 45. Kh4 b2 46. Rb7 Rf1
47. Rxb2 Rxf4+ 48. Kg3 Kg5 49. Rb6 Re4 50. Ra6 Rb4 51. Rc6 f4+ 52. Kg2 Rb2+ 53.
Kg1 Re2 54. Rb6 Kf5 55. Rb5+ Re5 56. Rb6 Ra5 57. Kg2 g5 58. Rh6 Ke4 59. Rxh5
Ke3 60. Rh8 Ra2+ 61. Kg1 Kf3 62. Rg8 Ra5 63. Kh2 Re5 64. Rg7 Kf2 65. Rg8 f3 66.
Ra8 Re2 67. Ra1 Ke3+ 68. Kg1 Kf4 69. Ra5 Re5 70. Ra4+ Kg3 71. Kf1 Kxh3 72. Kf2
g4 73. Ra8 Re2+ 74. Kf1 Rb2 0-1

[Event "Bundesliga 0001"]
[Site "Deutschland"]
[Date "2000.10.15"]
[Round "2.8"]
[White "Rudolf, Henrik"]
[Black "Sievers, Stefan"]
[Result "1-0"]
[WhiteElo "2308"]
[BlackElo "2355"]
[PlyCount "111"]
[EventDate "2000.10.14"]
[EventType "team"]
[EventRounds "15"]
[EventCountry "GER"]
[SourceTitle "Bundesliga 0001"]
[Source "DeepChess"]
[SourceDate "2005.01.01"]
[SourceVersion "1"]
[SourceVersionDate "2005.01.01"]
[SourceQuality "1"]
[WhiteTeam "SF Neukoelln 03 e.V."]
[BlackTeam "Hamburger SK 1830 e.V."]
[WhiteTeamCountry "GER"]
[BlackTeamCountry "GER"]

1. e4 c5 2. Nf3 d6 3. d4 cxd4 4. Nxd4 Nf6 5. Nc3 g6 6. Be3 Bg7 7. f3 Nc6 8. Qd2
O-O 9. Bc4 Bd7 10. h4 Ne5 11. Bb3 Qa5 12. O-O-O Rfc8 13. Kb1 Rab8 14. Bg5 Nc4
15. Bxc4 Rxc4 16. Nb3 Qe5 17. Bf4 Qe6 18. Rhe1 Rbc8 19. e5 dxe5 20. Bxe5 Be8
21. Bd4 Qd6 22. Qe3 b5 23. Qxe7 Qxe7 24. Rxe7 b4 25. Ne4 Nxe4 26. Bxg7 Kxg7 27.
Rxe4 Rxe4 28. fxe4 Bc6 29. Rd4 Re8 30. Rxb4 Bxe4 31. g3 h5 32. Kc1 Bf3 33. Nd4
Re1+ 34. Kd2 Rd1+ 35. Ke3 Bg4 36. c4 Rg1 37. Kf2 Rd1 38. Ke3 Rg1 39. Kf2 Rd1
40. c5 Rd2+ 41. Ke3 Rg2 42. Kf4 f6 43. c6 a5 44. Rb6 Rd2 45. Ke4 Rg2 46. c7 Kf7
47. a4 Ke7 48. Rb3 Kd7 49. Rc3 Kd6 50. b3 Bc8 51. Nb5+ Kd7 52. Na7 g5 53. hxg5
fxg5 54. Rd3+ Kxc7 55. Rc3+ Kd8 56. Nxc8 1-0

[Event "Bundesliga 0001"]
[Site "Deutschland"]
[Date "2000.10.15"]
[Round "2.1"]
[White "Shirov, Alexei"]
[Black "Rabiega, Robert"]
[Result "1-0"]
[WhiteElo "2746"]
[BlackElo "2487"]
[PlyCount "79"]
[EventDate "2000.10.14"]
[EventType "team"]
[EventRounds "15"]
[EventCountry "GER"]
[SourceTitle "Bundesliga 0001"]
[Source "DeepChess"]
[SourceDate "2005.01.01"]
[SourceVersion "1"]
[SourceVersionDate "2005.01.01"]
[SourceQuality "1"]
[WhiteTeam "Luebecker SV von 1873 "]
[BlackTeam "SK Koenig Tegel 1949 e.V. "]
[WhiteTeamCountry "GER"]
[BlackTeamCountry "GER"]

1. d4 d5 2. c4 e6 3. Nc3 Nf6 4. cxd5 exd5 5. Bg5 c6 6. Qc2 Be7 7. e3 Nbd7 8.
Bd3 Nh5 9. Bxe7 Qxe7 10. O-O-O Nb6 11. Kb1 g6 12. Nge2 Bd7 13. Nc1 Ng7 14. Nb3
Bf5 15. Nc5 Bxd3 16. Nxd3 Ne6 17. h4 O-O-O 18. Na4 Nc4 19. Nac5 Nxc5 20. Nxc5
b6 21. Nd3 Kb7 22. h5 g5 23. Ka1 Rc8 24. Rc1 f6 25. Rhe1 Rhe8 26. e4 Qd7 27. f3
dxe4 28. fxe4 Nd6 29. e5 Nb5 30. exf6 Nxd4 31. Qc4 c5 32. f7 Rf8 33. Ne5 Qd6
34. Qd3 h6 35. Qg6 Qd5 36. Qxh6 Qxg2 37. Qg6 Rcd8 38. h6 Qd5 39. h7 Ne6 40. Qg8
1-0

[Event "Bundesliga 0001"]
[Site "Deutschland"]
[Date "2000.10.15"]
[Round "2.4"]
[White "Lipinsky, Fabian"]
[Black "Agdestein, Simen"]
[Result "1/2-1/2"]
[WhiteElo "2362"]
[BlackElo "2590"]
[PlyCount "60"]
[EventDate "2000.10.14"]
[EventType "team"]
[EventRounds "15"]
[EventCountry "GER"]
[SourceTitle "Bundesliga 0001"]
[Source "DeepChess"]
[SourceDate "2005.01.01"]
[SourceVersion "1"]
[SourceVersionDate "2005.01.01"]
[SourceQuality "1"]
[WhiteTeam "SK Koenig Tegel 1949 e.V. "]
[BlackTeam "Luebecker SV von 1873 "]
[WhiteTeamCountry "GER"]
[BlackTeamCountry "GER"]

1. d4 d5 2. c4 c6 3. Nf3 Nf6 4. Nc3 dxc4 5. a4 Bf5 6. Nh4 e6 7. Nxf5 exf5 8.
Bg5 Bb4 9. e3 Nbd7 10. Bxc4 Qa5 11. O-O Bxc3 12. bxc3 Ne4 13. Bf4 Qxc3 14. Bd3
O-O 15. Bxe4 fxe4 16. Qb1 b6 17. Rc1 Qd3 18. Rxc6 Qxb1+ 19. Rxb1 Rfc8 20. Rd6
Nf6 21. Be5 Ng4 22. Bg3 Rc4 23. h3 Nh6 24. a5 Nf5 25. Rd5 Nxg3 26. fxg3 Rc3 27.
Kf2 Rc2+ 28. Kf1 Rc3 29. Kf2 Rc2+ 30. Kf1 Rc3 1/2-1/2

[Event "Bundesliga 0001"]
[Site "Deutschland"]
[Date "2000.10.15"]
[Round "2.5"]
[White "De Firmian, Nick E"]
[Black "Von Herman, Ulf"]
[Result "1-0"]
[WhiteElo "2567"]
[BlackElo "2357"]
[PlyCount "79"]
[EventDate "2000.10.14"]
[EventType "team"]
[EventRounds "15"]
[EventCountry "GER"]
[SourceTitle "Bundesliga 0001"]
[Source "DeepChess"]
[SourceDate "2005.01.01"]
[SourceVersion "1"]
[SourceVersionDate "2005.01.01"]
[SourceQuality "1"]
[WhiteTeam "Luebecker SV von 1873 "]
[BlackTeam "SK Koenig Tegel 1949 e.V. "]
[WhiteTeamCountry "GER"]
[BlackTeamCountry "GER"]

1. e4 e6 2. d4 d5 3. Nc3 Nf6 4. Bg5 Bb4 5. e5 h6 6. Bd2 Bxc3 7. bxc3 Ne4 8. Qg4
Kf8 9. Nf3 c5 10. Bd3 Nxd2 11. Kxd2 Nc6 12. Rhb1 Qe7 13. h4 c4 14. Be2 Qa3 15.
Qf4 Rb8 16. h5 b5 17. Nh4 Ke7 18. Qe3 a5 19. f4 Bd7 20. g4 b4 21. f5 Na7 22.
f6+ gxf6 23. exf6+ Kd6 24. Qf4+ Kc6 25. cxb4 e5 26. Qf3 c3+ 27. Ke1 e4 28. Qe3
Rxb4 29. Rb3 Rxb3 30. cxb3 Kb6 31. Rc1 Nc6 32. Rxc3 Rg8 33. b4 Qxb4 34. Kf2 Ka7
35. Rc5 Rg5 36. Nf5 Bxf5 37. Rxd5 Ka8 38. gxf5 Qb8 39. Rc5 Qh2+ 40. Ke1 1-0

[Event "Bundesliga 0001"]
[Site "Deutschland"]
[Date "2000.10.15"]
[Round "2.7"]
[White "Hansen, Lars Bo"]
[Black "Pachow, Joerg"]
[Result "1-0"]
[WhiteElo "2562"]
[BlackElo "2297"]
[PlyCount "76"]
[EventDate "2000.10.14"]
[EventType "team"]
[EventRounds "15"]
[EventCountry "GER"]
[SourceTitle "Bundesliga 0001"]
[Source "DeepChess"]
[SourceDate "2005.01.01"]
[SourceVersion "1"]
[SourceVersionDate "2005.01.01"]
[SourceQuality "1"]
[WhiteTeam "Luebecker SV von 1873 "]
[BlackTeam "SK Koenig Tegel 1949 e.V. "]
[WhiteTeamCountry "GER"]
[BlackTeamCountry "GER"]

1. Nf3 d6 2. d4 Nd7 3. e4 c5 4. d5 Ngf6 5. Nc3 g6 6. Be2 Bg7 7. O-O O-O 8. Bf4
Qa5 9. Nd2 Ne5 10. h3 e6 11. Bxe5 dxe5 12. Nc4 Qd8 13. Ne3 exd5 14. Nexd5 Nxd5
15. Nxd5 Be6 16. Bc4 Qh4 17. Qe2 Rad8 18. Rad1 Kh8 19. c3 f5 20. Nc7 Bc8 21.
Nb5 f4 22. Rxd8 Qxd8 23. Rd1 Qe7 24. Rd3 a6 25. Nd6 b5 26. Nxc8 Rxc8 27. Qg4
Rd8 28. Qe6 Bf6 29. Rxd8+ Qxd8 30. Bd5 b4 31. Qxa6 bxc3 32. bxc3 Kg7 33. Qb5
Qc7 34. a4 c4 35. a5 Be7 36. a6 Bc5 37. Qe8 Qb6 38. Qxe5+ Qf6 1-0

[Event "Bundesliga 0001"]
[Site "Deutschland"]
[Date "2000.10.15"]
[Round "2.8"]
[White "Lorenz, Sascha"]
[Black "Hector, Jonny"]
[Result "0-1"]
[WhiteElo "2298"]
[BlackElo "2509"]
[PlyCount "68"]
[EventDate "2000.10.14"]
[EventType "team"]
[EventRounds "15"]
[EventCountry "GER"]
[SourceTitle "Bundesliga 0001"]
[Source "DeepChess"]
[SourceDate "2005.01.01"]
[SourceVersion "1"]
[SourceVersionDate "2005.01.01"]
[SourceQuality "1"]
[WhiteTeam "SK Koenig Tegel 1949 e.V. "]
[BlackTeam "Luebecker SV von 1873 "]
[WhiteTeamCountry "GER"]
[BlackTeamCountry "GER"]

1. e4 e5 2. Nf3 Nc6 3. Nc3 Nf6 4. g3 d5 5. exd5 Nxd5 6. Bg2 Nde7 7. O-O g6 8.
Re1 Bg7 9. Rb1 a5 10. a3 a4 11. d3 O-O 12. Bd2 h6 13. Re4 f5 14. Rxa4 Rb8 15.
Nb5 Be6 16. Bc3 Qd7 17. Bd2 g5 18. c4 e4 19. Ne1 exd3 20. f4 Ng6 21. fxg5 hxg5
22. Bxg5 Nce5 23. Nc3 Qd4+ 24. Kh1 Ng4 25. Nxd3 Qxd3 26. Qxd3 Nf2+ 27. Kg1 Nxd3
28. Nd1 f4 29. Be4 Bd4+ 30. Kg2 f3+ 31. Kh1 Bh3 32. Be3 f2 33. Nxf2 Nxf2+ 34.
Bxf2 Rxf2 0-1

[Event "Bundesliga 0001"]
[Site "Deutschland"]
[Date "2000.10.15"]
[Round "2.2"]
[White "Babula, Vlastimil"]
[Black "Kasimdzhanov, Rustam"]
[Result "1/2-1/2"]
[WhiteElo "2582"]
[BlackElo "2690"]
[PlyCount "89"]
[EventDate "2000.10.14"]
[EventType "team"]
[EventRounds "15"]
[EventCountry "GER"]
[SourceTitle "Bundesliga 0001"]
[Source "DeepChess"]
[SourceDate "2005.01.01"]
[SourceVersion "1"]
[SourceVersionDate "2005.01.01"]
[SourceQuality "1"]
[WhiteTeam "SAbt SV Werder Bremen"]
[BlackTeam "SG 1868 Aljech. Solingen"]
[WhiteTeamCountry "GER"]
[BlackTeamCountry "GER"]

1. d4 Nf6 2. c4 e6 3. Nc3 d5 4. Bg5 Be7 5. e3 h6 6. Bh4 O-O 7. Nf3 b6 8. Bd3
dxc4 9. Bxc4 Bb7 10. O-O Nbd7 11. Qe2 Ne4 12. Bg3 Nxc3 13. bxc3 Nf6 14. Rfd1
Ne4 15. Qc2 Nxg3 16. hxg3 c5 17. d5 Bxd5 18. e4 Bxc4 19. Rxd8 Rfxd8 20. Rd1 Bb5
21. Rxd8+ Rxd8 22. Ne5 Be8 23. a4 a6 24. c4 Bd6 25. Nf3 Bc6 26. Qb1 Bc7 27. Qc2
Kf8 28. Kh2 Ke7 29. Kh3 h5 30. e5 g6 31. Qb3 Ke8 32. Kh2 Rd7 33. Qe3 Bxa4 34.
Qh6 Re7 35. Qh8+ Kd7 36. Ng5 Bc6 37. Qg8 Bxe5 38. Nxf7 Bc7 39. Qxg6 h4 40. f4
hxg3+ 41. Kxg3 b5 42. Qf6 bxc4 43. Ne5+ Bxe5 44. Qxe5 Rf7 45. Qxc5 1/2-1/2